Basilio Kandinsky (Record no. 7748)

MARC details
000 - LÍDER
campo de control de longitud fija 00796nam a2200205Ia 4500
008 - ELEMENTOS DE DATOS DE LONGITUD FIJA - INFORMACIÓN GENERAL
campo de control de longitud fija 0000001964 ag a 0000000000spa00
090 ## - NÚMERO DE LLAMADA DE TIPO LC LOCALMENTE ASIGNADO (OCLC)
Número de clasificación (OCLC) (R) PRU00 R32b
100 1# - ENTRADA PRINCIPAL - NOMBRE PERSONAL
Nombre de la persona Riedl, Anselmo
245 10 - TÍTULO DECLARACIÓN
Título Basilio Kandinsky
Declaración de responsabilidad / monografía por Pedro Anselmo Riedl ; traducción por Julio Gómez de la Serna ; el juicio del siglo xx por Julio E. Payró
260 ## - PUBLICACIÓN, DISTRIBUCIÓN
Lugar de publicación Buenos Aires : Codex
Fecha de publicación 1964
300 ## - DESCRIPCIÓN FÍSICA
Alcance [32] p.
Dimensiones / 26 cm.
500 ## - NOTA GENERAL
Nota general Con el patronazgo de la empresa colombiana PLARESA
600 00 - ENTRADA DE SUJETO AÑADIDO - NOMBRE PERSONAL
Nombre de la persona KANDINSKY, BASILIO, 18661944/
Subdivisión general TRABAJOS PICTORICOS
650 14 - ENTRADA DE SUJETO AÑADIDO - TÉRMINO TÓPICO
Término tópico o elemento de entrada del nombre geográfico ARTE CONTEMPORANEO RUSO
650 14 - ENTRADA DE SUJETO AÑADIDO - TÉRMINO TÓPICO
Subdivisión general CATALOGOS
650 14 - ENTRADA DE SUJETO AÑADIDO - TÉRMINO TÓPICO
Término tópico o elemento de entrada del nombre geográfico PINTORES RUSOS
650 14 - ENTRADA DE SUJETO AÑADIDO - TÉRMINO TÓPICO
Término tópico o elemento de entrada del nombre geográfico PINTURA RUSA
700 1# - ENTRADA AGREGADA - NOMBRE PERSONAL
Nombre de la persona Gómez de la Serna, Julio, tr. \ Payró, Julio E.
Holdings
Estado de retirada Pérdida de estatus Estado dañado No para préstamo Código de recogida Ubicación permanente Ubicación actual Ubicación de las estanterías Fecha de adquisición Número de llamada completo Código de barras Fecha de la última vez que se vio Número de copia Precio efectivo desde Tipo de artículo Koha
        General ArtNexus ArtNexus General 06/09/2022 P-RU-00 R32B 7751 06/09/2022 Ej.1 06/09/2022 Libro

Powered by Koha